书目信息 |
| 题名: |
当代世界经济变革追踪
|
|
| 作者: | 江秀凯 , 叶敏 著 | |
| 分册: | ||
| 出版信息: | 北京 经济科学出版社 2008 |
|
| 页数: | 304页 | |
| 开本: | 24cm | |
| 丛书名: | ||
| 单 册: | ||
| 中图分类: | F113.1 | |
| 科图分类: | ||
| 主题词: | 经济体制改革--研究--世界--现代 , 经济体制改革 | |
| 电子资源: | ||
| ISBN: | 978-7-5058-6674-4 | |
| 000 | 00948nam0 2200253 450 | |
| 001 | 1139073715 | |
| 005 | 20111004105220.42 | |
| 010 | @a978-7-5058-6674-4@dCNY35.00 | |
| 100 | @a20080102d2008 em y0chiy50 ea | |
| 101 | 0 | @achi |
| 102 | @aCN@b110000 | |
| 105 | @ay z 000yy | |
| 200 | 1 | @a当代世界经济变革追踪@Adang dai shi jie jing ji bian ge zhui zong@dImplementing reforms and the development of the global economy@f江秀凯,叶敏著@zeng |
| 210 | @a北京@c经济科学出版社@d2008 | |
| 215 | @a304页@d24cm | |
| 330 | @a本书包括:全球经济概观、全球经济发展、全球货币金融、德国发展经验、德国经济改革等内容。 | |
| 510 | 1 | @aImplementing reforms and the development of the global economy@zeng |
| 606 | 0 | @a经济体制改革@x研究@y世界@z现代 |
| 606 | 0 | @a经济体制改革 |
| 690 | @aF113.1@v4 | |
| 701 | 0 | @a江秀凯@Ajiang xiu kai@f(1955~)@4著 |
| 701 | 0 | @a叶敏@Aye min@c(女,@f1958~)@4著 |
| 801 | 0 | @aCN@bNLC@c20101222 |
| 905 | @a10447@dF113.1@eJY65 | |
| 当代世界经济变革追踪=Implementing reforms and the development of the global economy/江秀凯,叶敏著.-北京:经济科学出版社,2008 |
| 304页;24cm |
| ISBN 978-7-5058-6674-4:CNY35.00 |
| 本书包括:全球经济概观、全球经济发展、全球货币金融、德国发展经验、德国经济改革等内容。 |
| ● |
| 相关链接 |
|
|
|
|
正题名:当代世界经济变革追踪
索取号:F113.1/JY65
 
预约/预借
| 序号 | 登录号 | 条形码 | 馆藏地/架位号 | 状态 | 备注 |
| 1 | 7813427 | 278134270 | 学院路分馆/ [索取号:F113.1/JY65] | 在馆 | |
| 2 | 7813428 | 278134289 | 学院路分馆/ [索取号:F113.1/JY65] | 在馆 |